000
00263nam a2200109Ia 4500
008
220216s9999 xx 000 0 und d
245
0
_a
Indian rubber bulletin: Import of rubber
260
_b
Planter
_c
1958
300
_a
11
650
_a
Rubber import
942
_c
JS
999
_c
61076
_d
61076